000 00760cam a2200145 4500500
005 20251228092831.0
041 _afre
042 _adc
100 1 0 _aCazanave, Caroline
_eauthor
245 0 0 _aAux sources du dialogue des cultures. Regards croisés sur le Moyen Âge en France et en Inde. Hommage au Professeur Jean Dufournet, éd. Vidya VENCATESAN, Bombay, Groupe d’Études et de Recherches sur le Français Langue internationale, 2007 ; 1 vol., 383 p. (Synergies Indes, 2). En ligne : http://fle.asso.free.fr/ GERFLINT/.
260 _c2011.
500 _a64
786 0 _nLe Moyen Age | CXVII | 1 | 2011-12-10 | p. 117zzp-207zzp | 0027-2841
856 4 1 _uhttps://shs.cairn.info/revue-le-moyen-age-2011-1-page-117zzp?lang=fr&redirect-ssocas=7080
999 _c1603669
_d1603669